00508nam a2200133 a 4500008004100000050002200041100002000063245012300083260003900206300003300245650002100278650003100299650004400330220302s2019 ||||||||||||||||| || u aCBU-PG THESIS/KUN aKunda, Stephen 10aInvestigating the effect of internal factors on Financial Performance of Commercial Banks in ZambiacBy Stephen Kunda  aKitwebCopperbelt Universityc2019 axi, 64 Pages : illustrations a BANKS IN ZAMBIA aCOMMERCIAL BANKS IN ZAMBIA aFINANCIAL PERFORMANCE - BANKS IN ZAMBIA